Les 15 plus gros transferts de football de l'hiver 2026 - Statistiques

Statistiques générales
  • Ce quiz a été pris 97 fois
  • Le résultat moyen est 7 sur 15
Statistiques - réponses
Classement Prix du transfert Club de départ Club d'arrivée Joueurs % Correct
1 72 millions € Bournemouth Manchester City Antoine Semenyo
98%
3 42 millions € West Ham Flamengo Lucas Paquetá
90%
6 35 millions € Atalanta Bergame Atlético de Madrid Ademola Lookman
77%
4 40 millions € Atlético de Madrid Tottenham Conor Gallagher
67%
8 30 millions € Stade Rennais FC Al-Hilal Kader Meïté
63%
5 40 millions € Tottenham Crystal Palace Brennan Johnson
52%
12 28 millions € SS Lazio Fenerbahçe Mattéo Guendouzi
49%
7 31,2 millions € Manchester City Fulham FC Oscar Bobb
49%
2 49,7 millions € Wolverhampton FC Crystal Palace Jørgen Strand Larsen
48%
11 28,5 millions € Vasco da Gama Bournemouth Rayan
33%
9 30 millions € AS Monaco Al-Ittihad George Ilenikhena
30%
10 29 millions € SS Lazio West Ham Taty Castellanos
30%
13 27 millions € Zénith Saint-Pétersbourg Cruzeiro Gerson
23%
14 26 millions € Udinese Naples Lorenzo Lucca
14%
15 25 millions € Wolverhampton FC Palmeiras Jhon Arias
9%
Aucun quiz correspondant
Distribution des résultats
% des personnes avec chaque résultat
Percentile par nombre de réponses
Votre historique - résultats
Vous n’avez pas pris ce quiz